Monogràfic : la prestació social substitutòria la prestació social substitutòria
Descripción Física:
1 carpeta d'anelles (78 f.); 31 cm
Materias:
Objecció de consciència
MARC
| LEADER | 00000nam a2200000Ia 4500 | ||
|---|---|---|---|
| 001 | 21871 | ||
| 008 | 160829s1997 xx 000 0 cat d | ||
| 080 | |a FOL-3-74 | ||
| 245 | |a Monogràfic : |b la prestació social substitutòria | ||
| 260 | |a Barcelona : |b Diputació de Barcelona. Oficina del Pla Jove, |c 1997 | ||
| 300 | |a 1 carpeta d'anelles (78 f.); |c 31 cm | ||
| 590 | |a Curs celebrat a Barcelona, el 13 de juny de 1997 | ||
| 650 | 0 | |a Objecció de consciència |9 46124 | |
| 710 | 1 | |a Barcelona (Catalunya : Província). |b Oficina del Pla Jove |9 52707 | |
| 901 | |a Arxiu | ||
| 942 | |n 1 | ||
| 952 | |0 0 |1 0 |4 0 |6 FOL374 |7 1 |9 53014 |a Arxiu |b Arxiu |d 2016-12-01 |l 0 |o FOL-3-74 |p 21871 |r 2016-12-01 00:00:00 |w 2016-12-01 |y ARXIU | ||
| 999 | |c 56863 |d 56863 | ||